|
|
|
|
| LEADER |
00000nam a2200000Ia 4500 |
| 008 |
150730b2012 ag ||||| |||| 00| | spa d |
| 999 |
|
|
|c 137
|d 137
|
| 020 |
|
|
|a 1999-8104
|
| 090 |
|
|
|a 05.01.01
|b 394
|
| 110 |
2 |
|
|a Consejo Latinoamericano de Ciencias Sociales
|9 587
|
| 245 |
1 |
0 |
|a Crítica y emancipación: Revista latinoamericana de ciencias sociales /
|c CLACSO
|
| 260 |
|
|
|a Buenos Aires :
|b CLACSO,
|c 2011-
|
| 300 |
|
|
|a volúmenes
|
| 500 |
|
|
|a La Unidad posee Vol. 3, no.6; Vol.4, no.7, Vol.5, no.10
|
| 650 |
1 |
4 |
|a CIENCIAS SOCIALES
|9 276
|
| 650 |
1 |
4 |
|a PUBLICACIONES PERIÓDICAS
|9 3
|
| 651 |
|
4 |
|a AMÉRICA LATINA
|9 273
|
| 942 |
|
|
|i 001907 ,001908 ,003836
|h 05.01.01 394
|2 z
|c 01
|